000 00681nam a2200277Ia 4500
005 20260324114157.0
008 008 260324s9999 xx 000 0 eng d
020 _a9781003265955
037 _aEBOOK
040 _aCRL
040 _beng
040 _cCRL
041 _2eng
041 _aeng
084 _qCRL
100 _aHanna Staroszczyk; Zdzislaw E. Sikorski
_91149740
245 0 _aChemical and Functional Properties of Food Components
260 _bTaylor and Francis
260 _c2023
365 _a
365 _b385
856 _uhttp://www.taylorfrancis.com/books/9781003265955
942 _cEBOOK
999 _c1739777
_d1739777